| 000 | 00662nam a2200205Ia 4500 | ||
|---|---|---|---|
| 003 | IN-BaIIA | ||
| 008 | 211028s9999 xx 000 0 eng d | ||
| 020 | _a0-471-23273-4 | ||
| 040 | _cIIA Library | ||
| 080 |
_a52(091) _bEDG |
||
| 100 |
_aEdge, David O _99580 |
||
| 245 | 0 |
_aAstronomy transformed _bthe emergence of radio astronomy in Britain _cDavid O Edge and Michael J Mulkay |
|
| 260 |
_aNew York _bWiley _c1976 |
||
| 300 | _axvi, 482p. | ||
| 650 |
_aAstronomy _980 |
||
| 650 | _aAstronomy and astrophysics thesaurus | ||
| 650 |
_aRadio astronomy _92849 |
||
| 700 |
_aMulkay, Michael J. _99581 |
||
| 942 | _cBK | ||
| 999 |
_c5520 _d5520 |
||